[Event "Thanksgiving op - U2100"]
[Site "Toronto CAN"]
[Date "2002.10.14"]
[Round "6"]
[White "Hier, David"]
[Black "Dutton, Warren"]
[Result "1/2-1/2"]
[WhiteElo "1767"]
[BlackElo "2000"]
[PlyCount "86"]
[EventDate "2002.10.12"]
[EventType "swiss"]
[EventRounds "6"]
[EventCountry "CAN"]

1. e4 c5 2. Nf3 Nc6 3. d4 cxd4 4. Nxd4 Nf6 5. Nc3 d6 6. Bg5 e6 7. Qd2 Be7 8.
O-O-O a6 9. f4 Qb6 10. Nf3 Bd7 11. Bxf6 gxf6 12. e5 fxe5 13. fxe5 d5 14. Kb1
O-O-O 15. Qf4 Be8 16. Nd4 Nxd4 17. Rxd4 Kb8 18. Na4 Qc7 19. Rd3 Bxa4 20. Qxa4
Qxe5 21. a3 Qd6 22. Rb3 Ka8 23. Be2 f5 24. Rd1 Rc8 25. Rd4 Rc7 26. Rdb4 Qc5 27.
Ka2 Qf2 28. Rxb7 Rxb7 29. Qxa6+ Qa7 30. Rxb7 Qxa6 31. Bxa6 Bd6 32. h3 Rg8 33.
Rd7 Be5 34. Bf1 Rb8 35. b4 Rc8 36. Kb3 Rc3+ 37. Ka4 Rxc2 38. Kb5 Rf2 39. Bd3
Rxg2 40. Kb6 Rg7 41. Rd8+ Bb8 42. Re8 Rb7+ 43. Kc6 Rc7+ 1/2-1/2

[Event "Thanksgiving op - U2100"]
[Site "Toronto CAN"]
[Date "2002.10.14"]
[Round "6"]
[White "Richardson, Ross"]
[Black "Peng, David"]
[Result "1/2-1/2"]
[WhiteElo "1918"]
[BlackElo "1982"]
[PlyCount "57"]
[EventDate "2002.10.12"]
[EventType "swiss"]
[EventRounds "6"]
[EventCountry "CAN"]

1. d4 d5 2. c4 e6 3. Nc3 Nf6 4. Bg5 Nbd7 5. Nf3 Be7 6. e3 h6 7. Bf4 c6 8. Qc2
b6 9. cxd5 exd5 10. Bd3 Bb7 11. h3 Nf8 12. Ne5 Ne6 13. Bh2 O-O 14. O-O Bd6 15.
Rac1 Re8 16. Qe2 a6 17. Bb1 c5 18. dxc5 Bxe5 19. Bxe5 Nd7 20. Bg3 Ndxc5 21. b4
Ne4 22. Nxe4 dxe4 23. Rfd1 Qe7 24. a3 Rac8 25. Ba2 Rxc1 26. Rxc1 Rc8 27. Rc4
Rxc4 28. Qxc4 Qd7 29. Kh2 1/2-1/2

[Event "Toronto Class"]
[Site "Toronto CAN"]
[Date "2002.03.08"]
[Round "1"]
[White "Benggawan, Amanda"]
[Black "Peredun, Andrew"]
[Result "0-1"]
[WhiteElo "2100"]
[BlackElo "2281"]
[PlyCount "137"]
[EventDate "2002.03.08"]
[EventType "swiss"]
[EventRounds "5"]
[EventCountry "CAN"]

1. e4 c5 2. Nf3 Nc6 3. d4 cxd4 4. Nxd4 e5 5. Nb5 a6 6. Nd6+ Bxd6 7. Qxd6 Qf6 8.
Qd1 Qg6 9. Nc3 Nge7 10. Be3 d5 11. Nxd5 Nxd5 12. Qxd5 Be6 13. Qd2 Qxe4 14. f3
Qh4+ 15. Bf2 Qe7 16. c3 Rd8 17. Qc2 Qg5 18. Bb6 Rd6 19. Qf2 Rd7 20. b3 O-O 21.
Be3 Qg6 22. Rc1 e4 23. f4 Rfd8 24. Be2 Bg4 25. h3 Bxe2 26. Qxe2 f5 27. O-O Rd3
28. Kf2 Qe6 29. Rfd1 g6 30. Rd2 Rxd2 31. Bxd2 Rd3 32. Be3 Qd6 33. Ke1 Kf7 34.
Rd1 Rxd1+ 35. Qxd1 Qxd1+ 36. Kxd1 b5 37. Kd2 Ke6 38. Bb6 Kd5 39. Be3 Nd8 40.
Bb6 Ne6 41. Be3 h6 42. g3 g5 43. Ke2 gxf4 44. gxf4 Nd8 45. Kf2 Ke6 46. Ke2 Nc6
47. Bc5 a5 48. Bf8 h5 49. Bc5 Kd5 50. Be3 a4 51. Kd2 Ne7 52. Bf2 Kc6 53. Bd4
Nd5 54. Be5 Nb6 55. Bd4 Nd7 56. Be3 Kd5 57. Bf2 Nb8 58. Be3 Nc6 59. Bf2 Na5 60.
Kc2 Kd6 61. Be3 Nc6 62. Kd2 Ne7 63. Bd4 Ng6 64. Be3 Ne7 65. Bd4 Nd5 66. Be5+
Kc6 67. Ke2 Kc5 68. Bd4+ Kc6 69. Be5 0-1

[Event "Toronto Class"]
[Site "Toronto CAN"]
[Date "2002.03.08"]
[Round "1"]
[White "Kret, Ted"]
[Black "Findlay, Ian"]
[Result "0-1"]
[WhiteElo "2202"]
[BlackElo "2351"]
[PlyCount "138"]
[EventDate "2002.03.08"]
[EventType "swiss"]
[EventRounds "5"]
[EventCountry "CAN"]

1. d4 Nf6 2. c4 e6 3. Nc3 d5 4. Nf3 Be7 5. Bg5 O-O 6. e3 h6 7. Bh4 b6 8. Bd3
Bb7 9. O-O dxc4 10. Bxc4 Nbd7 11. Bd3 c5 12. Qe2 a6 13. Rad1 cxd4 14. exd4 Nh5
15. Bxe7 Qxe7 16. Bb1 Nf4 17. Qe3 Nd5 18. Nxd5 Bxd5 19. Rc1 Nf6 20. Rc3 Rfc8
21. Rfc1 Qb7 22. Ne5 Rxc3 23. Qxc3 Rd8 24. f3 Qe7 25. Qc7 Qxc7 26. Rxc7 Ne8 27.
Ra7 a5 28. Bd3 Bxa2 29. Rb7 Kf8 30. Bb5 Nf6 31. Rxb6 Rxd4 32. Nd3 Nd5 33. Rb8+
Ke7 34. Rb7+ Kf6 35. Ra7 Nb4 36. Rxa5 Nxd3 37. Bxd3 Rxd3 38. Rxa2 Rd2 39. h3 g5
40. Kh2 h5 41. h4 gxh4 42. Kh3 Kg6 43. Kh2 e5 44. Ra6+ Kg5 45. Rb6 f5 46. b4
Rb2 47. b5 Rb1 48. Rb8 Kf4 49. b6 h3 50. b7 hxg2 51. Kxg2 Rb2+ 52. Kg1 h4 53.
Kh1 h3 54. Kg1 Rb3 55. Kh2 Rb1 56. Kxh3 Kxf3 57. Kh2 e4 58. Rf8 Rxb7 59. Rxf5+
Ke2 60. Rf8 Rg7 61. Kh3 e3 62. Ra8 Kf2 63. Rf8+ Ke1 64. Kh2 e2 65. Kh3 Rg5 66.
Kh2 Kd2 67. Rd8+ Ke3 68. Re8+ Kf3 69. Rf8+ Ke4 0-1

[Event "Toronto Class"]
[Site "Toronto CAN"]
[Date "2002.03.08"]
[Round "1"]
[White "Raheb, David"]
[Black "Kagramanov, Dina"]
[Result "0-1"]
[WhiteElo "2240"]
[BlackElo "1986"]
[PlyCount "75"]
[EventDate "2002.03.08"]
[EventType "swiss"]
[EventRounds "5"]
[EventCountry "CAN"]

1. d4 d5 2. c4 c6 3. Nc3 e6 4. e4 dxc4 5. Bxc4 b5 6. Bb3 b4 7. Nce2 Nf6 8. e5
Nd5 9. Nf3 Bb7 10. O-O Be7 11. Bc2 Nd7 12. Ng3 Ba6 13. Re1 O-O 14. Ne4 Qc7 15.
Nfg5 h6 16. Qh5 c5 17. Nxe6 fxe6 18. Bxh6 Rf7 19. Ng5 Bxg5 20. Bxg5 Nf8 21.
Rac1 c4 22. Re4 g6 23. Qh3 Rh7 24. Qg3 Qf7 25. Rg4 c3 26. b3 Be2 27. f3 Bb5 28.
h4 Be8 29. Kf2 a5 30. Rh1 Rh5 31. Bf6 Nxf6 32. Rf4 Qd7 33. exf6 e5 34. Rg4 Qf7
35. dxe5 Rd8 36. Be4 Qa7+ 37. Kf1 Bf7 38. Ke1 0-1

[Event "Toronto Class"]
[Site "Toronto CAN"]
[Date "2002.03.08"]
[Round "1"]
[White "Teplitsky, Yan"]
[Black "Southam, David"]
[Result "1-0"]
[WhiteElo "2522"]
[BlackElo "2207"]
[PlyCount "112"]
[EventDate "2002.03.08"]
[EventType "swiss"]
[EventRounds "5"]
[EventCountry "CAN"]

1. Nf3 d5 2. c4 c6 3. e3 Nf6 4. Nc3 e6 5. d4 Nbd7 6. Qc2 Bd6 7. Be2 O-O 8. O-O
dxc4 9. Bxc4 e5 10. h3 Qe7 11. Bb3 b6 12. Rd1 Bb7 13. dxe5 Nxe5 14. Nh4 Bb4 15.
Nf5 Qc5 16. e4 Bxc3 17. bxc3 Nc4 18. Bxc4 Qxc4 19. Nd6 Qa6 20. Bg5 Ne8 21. Be7
Nxd6 22. Bxf8 Nc4 23. Bd6 Re8 24. Bf4 Bc8 25. Re1 Be6 26. Bg3 Qc8 27. f4 f6 28.
Rad1 b5 29. Kh2 a5 30. Qf2 c5 31. Rc1 Bf7 32. Re2 Bg6 33. f5 Bf7 34. Bf4 Qc6
35. Rce1 Ne5 36. Qg3 Kh8 37. Bxe5 Rxe5 38. Kh1 Qe8 39. Qf2 h6 40. Re3 b4 41.
Qd2 Kh7 42. Kh2 Qa4 43. R1e2 Bc4 44. Rf2 Qe8 45. Rf4 Qf7 46. cxb4 cxb4 47. Rf2
Qc7 48. Kh1 Rc5 49. Re1 Re5 50. Qd4 Bf7 51. Rd2 Qe7 52. Qd7 Qxd7 53. Rxd7 Bxa2
54. Rc1 Re8 55. Rcc7 Rg8 56. Ra7 Rb8 1-0

[Event "Toronto Class"]
[Site "Toronto CAN"]
[Date "2002.03.09"]
[Round "2"]
[White "Diviljan, Igor"]
[Black "Teplitsky, Yan"]
[Result "0-1"]
[WhiteElo "2233"]
[BlackElo "2522"]
[PlyCount "32"]
[EventDate "2002.03.08"]
[EventType "swiss"]
[EventRounds "5"]
[EventCountry "CAN"]

1. d4 d6 2. Nf3 g6 3. c4 Bg7 4. e4 Bg4 5. Be2 Bxf3 6. Bxf3 Nc6 7. Be3 e5 8. d5
Nd4 9. Nd2 Ne7 10. Nb3 c5 11. dxc6 Nexc6 12. Bxd4 exd4 13. O-O O-O 14. c5 Ne5
15. cxd6 Qxd6 16. Nxd4 Qxd4 0-1

[Event "Toronto Class"]
[Site "Toronto CAN"]
[Date "2002.03.09"]
[Round "2"]
[White "Findlay, Ian"]
[Black "Patterson, Roger"]
[Result "1-0"]
[WhiteElo "2351"]
[BlackElo "2224"]
[PlyCount "105"]
[EventDate "2002.03.08"]
[EventType "swiss"]
[EventRounds "5"]
[EventCountry "CAN"]

1. e4 c5 2. Nf3 e6 3. d4 cxd4 4. Nxd4 Nc6 5. Nc3 Qc7 6. g3 a6 7. Bg2 Nf6 8. O-O
Be7 9. Nce2 O-O 10. b3 Rd8 11. c4 b6 12. Bb2 Bb7 13. Rc1 Rac8 14. Nc3 Qb8 15.
Nc2 Ba8 16. Qe2 Na7 17. Nd4 Nc6 18. Nxc6 Bxc6 19. Nd5 exd5 20. exd5 Re8 21.
dxc6 dxc6 22. Qf3 Qc7 23. Rfe1 Bd8 24. Qxc6 Qxc6 25. Bxc6 Rxc6 26. Bxf6 Rxe1+
27. Rxe1 gxf6 28. Re8+ Kg7 29. Rxd8 b5 30. Rd4 bxc4 31. Rxc4 Re6 32. Kg2 Kg6
33. Kf3 Kf5 34. Rc5+ Kg6 35. b4 Kg7 36. a4 Kg6 37. b5 axb5 38. axb5 Re1 39. h4
h5 40. Kf4 Rb1 41. f3 Re1 42. g4 hxg4 43. fxg4 Kg7 44. Rc6 Rb1 45. b6 Rb4+ 46.
Kf5 Rb5+ 47. Ke4 f5+ 48. gxf5 Rb4+ 49. Kd5 Rxh4 50. Rc4 Rh8 51. b7 Rb8 52. Kc6
Kf6 53. Rc5 1-0

[Event "Toronto Class"]
[Site "Toronto CAN"]
[Date "2002.03.09"]
[Round "2"]
[White "Peredun, Andrew"]
[Black "Kagramanov, Dina"]
[Result "1-0"]
[WhiteElo "2281"]
[BlackElo "1986"]
[PlyCount "47"]
[EventDate "2002.03.08"]
[EventType "swiss"]
[EventRounds "5"]
[EventCountry "CAN"]

1. e4 c5 2. Nc3 e6 3. Nf3 Nc6 4. Bb5 Qc7 5. O-O Nf6 6. Re1 a6 7. Bxc6 bxc6 8.
e5 Nd5 9. Ne4 Be7 10. c4 Nb6 11. b3 O-O 12. Ba3 f5 13. exf6 Bxf6 14. Nxf6+ Rxf6
15. Bxc5 d6 16. Bxb6 Qxb6 17. d4 Bb7 18. Ng5 e5 19. c5 dxc5 20. dxe5 Rf5 21.
Qg4 Raf8 22. Ne6 R8f7 23. Rad1 h6 24. Qg6 1-0

[Event "Toronto Class"]
[Site "Toronto CAN"]
[Date "2002.03.09"]
[Round "3"]
[White "Kret, Ted"]
[Black "Stevens, Christian"]
[Result "0-1"]
[WhiteElo "2202"]
[BlackElo "2191"]
[PlyCount "90"]
[EventDate "2002.03.08"]
[EventType "swiss"]
[EventRounds "5"]
[EventCountry "CAN"]

1. d4 d5 2. c4 e6 3. Nf3 Nf6 4. Nc3 Be7 5. Bg5 O-O 6. Qc2 Nbd7 7. cxd5 exd5 8.
e3 Re8 9. Be2 Nf8 10. O-O c6 11. Ne5 N6d7 12. Bxe7 Qxe7 13. Nd3 f5 14. b4 a6
15. a4 Ne6 16. Rfc1 Qf6 17. Ra3 f4 18. Nd1 fxe3 19. fxe3 Ng5 20. N3f2 Nf8 21.
Bd3 Ng6 22. Rc3 Bd7 23. b5 axb5 24. axb5 Re7 25. bxc6 bxc6 26. Rb3 Rae8 27. Qb2
Nh4 28. Be2 Qg6 29. Bf1 Ngf3+ 30. Kh1 Ne1 31. e4 dxe4 32. Rg3 Qf6 33. Bc4+ Kh8
34. d5 Qxb2 35. Nxb2 e3 36. Nh3 Nexg2 37. dxc6 Bxc6 38. Ng5 e2 39. Bxe2 Rxe2
40. Nf7+ Kg8 41. Nh6+ Kf8 42. Nd3 gxh6 43. Kg1 Nf3+ 44. Kh1 Nf4 45. Nxf4 Rxh2#
0-1

[Event "Toronto Class"]
[Site "Toronto CAN"]
[Date "2002.03.09"]
[Round "3"]
[White "Teplitsky, Yan"]
[Black "Gurevich, Artem"]
[Result "1-0"]
[WhiteElo "2522"]
[BlackElo "2302"]
[PlyCount "71"]
[EventDate "2002.03.08"]
[EventType "swiss"]
[EventRounds "5"]
[EventCountry "CAN"]

1. Nf3 c5 2. c4 Nf6 3. Nc3 e6 4. g3 b6 5. Bg2 Bb7 6. O-O Be7 7. d4 cxd4 8. Qxd4
d6 9. b3 Nbd7 10. Bb2 a6 11. e4 Qc7 12. Rfe1 O-O 13. Rac1 Rac8 14. Nd2 Rfd8 15.
Qe3 Qb8 16. Qe2 Bf8 17. h3 g6 18. b4 Bg7 19. f4 Qa8 20. Kh2 Ne8 21. Ba1 Nc7 22.
Nb3 Bf8 23. a4 Re8 24. Qb2 Bg7 25. Qd2 Red8 26. a5 Ne8 27. Qe2 Qb8 28. axb6
Nxb6 29. Na5 Nc7 30. Na2 Bf8 31. Rc2 Nd7 32. Rec1 Nf6 33. Re1 d5 34. exd5 exd5
35. c5 Ne4 36. Qg4 1-0

[Event "Toronto Class"]
[Site "Toronto CAN"]
[Date "2002.03.10"]
[Round "4"]
[White "Findlay, Ian"]
[Black "Teplitsky, Yan"]
[Result "1-0"]
[WhiteElo "2351"]
[BlackElo "2522"]
[PlyCount "93"]
[EventDate "2002.03.08"]
[EventType "swiss"]
[EventRounds "5"]
[EventCountry "CAN"]

1. e4 c5 2. Nf3 d6 3. d4 Nf6 4. Nc3 cxd4 5. Nxd4 Nc6 6. Bg5 e6 7. Qd2 a6 8.
O-O-O h6 9. Be3 Bd7 10. f4 b5 11. Bd3 Be7 12. Kb1 O-O 13. h3 Nxd4 14. Bxd4 Bc6
15. Qe3 b4 16. Ne2 Nd7 17. Qg3 Bf6 18. Qf2 e5 19. Be3 Qe7 20. f5 d5 21. Qf3 d4
22. Bc1 Nc5 23. g4 Qb7 24. Ng3 Bh4 25. f6 Bxf6 26. Bxh6 Ne6 27. h4 Bd8 28. Bc1
Bb5 29. Nf5 Bxd3 30. cxd3 Qc7 31. g5 Rc8 32. Rh2 g6 33. Nh6+ Kg7 34. Ng4 Be7
35. Nf6 Rh8 36. Nd5 Qd6 37. Rf1 Rcf8 38. Bd2 a5 39. Be1 Bd8 40. Bg3 Kg8 41.
Nf6+ Bxf6 42. Qxf6 Qa6 43. Rf3 Rh7 44. Bxe5 Rc8 45. h5 Qc6 46. Rf1 Qa6 47. hxg6
1-0

[Event "Toronto Class"]
[Site "Toronto CAN"]
[Date "2002.03.10"]
[Round "4"]
[White "Patterson, Roger"]
[Black "Stevens, Christian"]
[Result "0-1"]
[WhiteElo "2500"]
[BlackElo "2500"]
[PlyCount "68"]
[EventDate "2002.03.08"]
[EventType "swiss"]
[EventRounds "5"]
[EventCountry "CAN"]

1. e4 e5 2. Nf3 Nc6 3. Bb5 a6 4. Ba4 Nf6 5. O-O Be7 6. Re1 b5 7. Bb3 d6 8. c3
O-O 9. h3 Na5 10. Bc2 c5 11. d4 Qc7 12. Nbd2 cxd4 13. cxd4 Bd7 14. Nf1 Rac8 15.
Ne3 Nc6 16. a3 Nxd4 17. Nxd4 exd4 18. Qxd4 d5 19. b4 dxe4 20. Bb2 Be6 21. Rac1
Rfd8 22. Qe5 Qxe5 23. Bxe5 Nd7 24. Ba1 f5 25. g4 g6 26. f3 fxg4 27. Bxe4 Rxc1
28. Rxc1 Bg5 29. Re1 gxf3 30. Bxf3 Nf6 31. Ng4 Bxg4 32. hxg4 Rd3 33. Rf1 Rxa3
34. Bxf6 Bxf6 0-1

[Event "Toronto Class"]
[Site "Toronto CAN"]
[Date "2002.03.10"]
[Round "5"]
[White "Teplitsky, Yan"]
[Black "Peredun, Andrew"]
[Result "1-0"]
[WhiteElo "2500"]
[BlackElo "2500"]
[PlyCount "49"]
[EventDate "2002.03.08"]
[EventType "swiss"]
[EventRounds "5"]
[EventCountry "CAN"]

1. d4 Nf6 2. c4 g6 3. Nc3 Bg7 4. e4 O-O 5. Nf3 d6 6. Be2 e5 7. d5 a5 8. h4 Na6
9. Nd2 Nc5 10. g4 c6 11. h5 a4 12. g5 Ne8 13. Nf1 b5 14. dxc6 b4 15. Nd5 Nxe4
16. Be3 Nc5 17. Ng3 f5 18. gxf6 Nxf6 19. hxg6 hxg6 20. Qd2 Nfe4 21. Nxe4 Nxe4
22. Qxb4 Ra6 23. Qb5 Kf7 24. Rh2 Ra8 25. Bb6 1-0

[Event "Toronto Class U2000"]
[Site "Toronto CAN"]
[Date "2002.03.10"]
[Round "5"]
[White "Armstrong, Robert J"]
[Black "Shah, Omar"]
[Result "1/2-1/2"]
[WhiteElo "1740"]
[BlackElo "1912"]
[PlyCount "47"]
[EventDate "2002.03.08"]
[EventType "swiss"]
[EventRounds "5"]
[EventCountry "CAN"]

1. g3 Nf6 2. Bg2 g6 3. d3 Bg7 4. Nc3 O-O 5. e4 d6 6. f4 Nbd7 7. g4 e5 8. f5 h6
9. g5 hxg5 10. Bxg5 c6 11. Bf3 b5 12. h4 Qb6 13. Qd2 a5 14. Nce2 gxf5 15. exf5
e4 16. dxe4 Ne5 17. Bh6 Nxf3+ 18. Nxf3 Nxe4 19. Qf4 Qf2+ 20. Kd1 Bxh6 21. Qxh6
Bxf5 22. Rg1+ Bg6 23. Rxg6+ fxg6 24. Qxg6+ 1/2-1/2

[Event "Toronto Class U2200"]
[Site "Toronto CAN"]
[Date "2002.03.08"]
[Round "1"]
[White "Siddeley, Hugh"]
[Black "Dutton, Warren"]
[Result "0-1"]
[WhiteElo "1854"]
[BlackElo "2034"]
[PlyCount "42"]
[EventDate "2002.03.08"]
[EventType "swiss"]
[EventRounds "5"]
[EventCountry "CAN"]

1. e4 c5 2. Nf3 Nc6 3. d4 cxd4 4. Nxd4 g6 5. Nc3 Bg7 6. Be3 Nf6 7. Bc4 O-O 8.
f3 d6 9. Qd2 Re8 10. O-O-O Bd7 11. h4 h5 12. g4 Ne5 13. Bb3 hxg4 14. h5 Nxh5
15. Rxh5 gxh5 16. Bh6 e6 17. Rh1 Qf6 18. Rxh5 Qg6 19. fxg4 Nxg4 20. Rg5 Bxh6
21. Rxg6+ fxg6 0-1

[Event "Toronto Class U2200"]
[Site "Toronto CAN"]
[Date "2002.03.09"]
[Round "2"]
[White "Pleau, Derek"]
[Black "Laughlin, Steve"]
[Result "1/2-1/2"]
[WhiteElo "1949"]
[BlackElo "2016"]
[PlyCount "99"]
[EventDate "2002.03.08"]
[EventType "swiss"]
[EventRounds "5"]
[EventCountry "CAN"]

1. e4 d6 2. d4 Nf6 3. Nc3 g6 4. f4 Bg7 5. Nf3 c6 6. Bd3 Qc7 7. e5 Nd5 8. Nxd5
cxd5 9. h3 Nc6 10. c3 O-O 11. Qe2 dxe5 12. fxe5 f6 13. Bf4 fxe5 14. Bxe5 Nxe5
15. Nxe5 Bf5 16. Bxf5 Rxf5 17. Nf3 e5 18. dxe5 Bxe5 19. O-O Bg7 20. Qe6+ Kh8
21. Nd4 Re5 22. Rf7 Qd8 23. Qd7 Qg8 24. Ne6 Bh6 25. Raf1 Re8 26. Rxh7+ Qxh7 27.
Qxe8+ Qg8 28. Qxg8+ Kxg8 29. Rf6 Bc1 30. h4 Bxb2 31. Rf8+ Kh7 32. Re8 Bxc3 33.
Ng5+ Kg7 34. Rd8 Re1+ 35. Kf2 Re7 36. Rxd5 Be1+ 37. Kf3 Bxh4 38. g3 Bxg5 39.
Rxg5 Kf6 40. Rd5 b6 41. a4 Re6 42. Kf4 a6 43. g4 a5 44. Rb5 Rc6 45. g5+ Ke6 46.
Ke3 Kd6 47. Kd4 Kc7 48. Re5 Rd6+ 49. Kc4 Kc6 50. Re7 1/2-1/2

[Event "Toronto Class U2200"]
[Site "Toronto CAN"]
[Date "2002.03.09"]
[Round "3"]
[White "Pleau, Derek"]
[Black "Dutton, Warren"]
[Result "0-1"]
[WhiteElo "1939"]
[BlackElo "2034"]
[PlyCount "50"]
[EventDate "2002.03.08"]
[EventType "swiss"]
[EventRounds "5"]
[EventCountry "CAN"]

1. e4 c5 2. Nf3 Nc6 3. d4 cxd4 4. Nxd4 g6 5. Nc3 Bg7 6. Be3 Nf6 7. f3 O-O 8.
Bc4 d6 9. Qd2 Re8 10. O-O-O Ne5 11. Bb3 Bd7 12. h4 h5 13. Bg5 Rc8 14. Bxf6 Bxf6
15. Nd5 Bg7 16. g4 Nc4 17. Bxc4 Rxc4 18. Nb3 hxg4 19. h5 gxf3 20. hxg6 fxg6 21.
Nf4 Ra4 22. Kb1 e6 23. Rdg1 Qf6 24. c3 Rxe4 25. Rg4 Qf5 0-1

[Event "Toronto Class U2200"]
[Site "Toronto CAN"]
[Date "2002.03.10"]
[Round "4"]
[White "Leung, Victor"]
[Black "Pleau, Derek"]
[Result "1-0"]
[WhiteElo "1942"]
[BlackElo "1949"]
[PlyCount "58"]
[EventDate "2002.03.08"]
[EventType "swiss"]
[EventRounds "5"]
[EventCountry "CAN"]

1. d4 Nf6 2. c4 g6 3. Nc3 Bg7 4. e4 d6 5. Nf3 O-O 6. Be2 Nbd7 7. O-O e5 8. d5
a5 9. Bg5 h6 10. Be3 Ng4 11. Bd2 f5 12. exf5 gxf5 13. Ne1 Ngf6 14. Nd3 Nb6 15.
b3 Bd7 16. f4 e4 17. Nf2 Qe7 18. Be3 Kh7 19. Qc2 Rg8 20. a3 Bh8 21. Rad1 Qg7
22. g3 Be8 23. Bd4 h5 24. Nfxe4 fxe4 25. Nxe4 Bg6 26. Bxf6 Bxe4 27. Qxe4+ Qg6
28. Qxg6+ Kxg6 29. Bxh8 Rxh8 1-0

[Event "Toronto Class U2200"]
[Site "Toronto CAN"]
[Date "2002.03.10"]
[Round "4"]
[White "Noritsyn, Nikolay"]
[Black "Siddeley, Hugh"]
[Result "1-0"]
[WhiteElo "2119"]
[BlackElo "1854"]
[PlyCount "67"]
[EventDate "2002.03.08"]
[EventType "swiss"]
[EventRounds "5"]
[EventCountry "CAN"]

1. e4 c5 2. Nf3 Nc6 3. d4 cxd4 4. Nxd4 e5 5. Nb5 d6 6. N1c3 a6 7. Na3 b5 8. Nd5
Nce7 9. Bg5 h6 10. Bxb5+ axb5 11. Nxb5 Ra7 12. Nxa7 Qa5+ 13. c3 Qxa7 14. Bxe7
Nxe7 15. O-O Nxd5 16. Qxd5 Be7 17. b4 Be6 18. Qd3 Qc7 19. Rfd1 O-O 20. a4 f5
21. exf5 Rxf5 22. a5 Rf8 23. b5 Qc5 24. b6 Rxf2 25. Kh1 Qc6 26. Rg1 Bd5 27. Qh3
Rc2 28. a6 Qxb6 29. a7 Ba8 30. Qe6+ Kf8 31. Raf1+ Bf6 32. Qc8+ Ke7 33. Qxa8 Ra2
34. Ra1 1-0

[Event "Toronto Class U2200"]
[Site "Toronto CAN"]
[Date "2002.03.10"]
[Round "4"]
[White "Thorvardson, Barry"]
[Black "Dutton, Warren"]
[Result "0-1"]
[WhiteElo "2088"]
[BlackElo "2034"]
[PlyCount "76"]
[EventDate "2002.03.08"]
[EventType "swiss"]
[EventRounds "5"]
[EventCountry "CAN"]

1. e4 c5 2. Nf3 Nc6 3. d4 cxd4 4. Nxd4 Nf6 5. f3 g6 6. Be3 Bg7 7. c4 O-O 8. Nc3
d6 9. Rc1 Bd7 10. Be2 Rc8 11. Nxc6 Bxc6 12. O-O b6 13. Qe1 Bb7 14. Qf2 Nd7 15.
Bd4 Bxd4 16. Qxd4 Qc7 17. b4 a6 18. Rfd1 Ne5 19. Nd5 Bxd5 20. cxd5 Qxc1 21.
Rxc1 Rxc1+ 22. Kf2 Rb8 23. f4 Nd7 24. h4 Rbc8 25. h5 R1c2 26. h6 Nf6 27. Kf3
Rxa2 28. e5 Ra3+ 29. Kf2 Ne8 30. exd6 exd6 31. f5 Ra2 32. Qe3 Nf6 33. Kg3 Rc3
34. Bd3 Raa3 35. Qxb6 Rxd3+ 36. Kh4 Re3 37. Qxd6 g5+ 38. Kxg5 Ne4+ 0-1

[Event "Toronto Class U2200"]
[Site "Toronto CAN"]
[Date "2002.03.10"]
[Round "5"]
[White "Dutton, Warren"]
[Black "Evans, Bill"]
[Result "0-1"]
[WhiteElo "2034"]
[BlackElo "2012"]
[PlyCount "80"]
[EventDate "2002.03.08"]
[EventType "swiss"]
[EventRounds "5"]
[EventCountry "CAN"]

1. e4 d6 2. d4 Nf6 3. Nc3 g6 4. f4 Bg7 5. Nf3 O-O 6. Be2 c5 7. d5 e6 8. O-O
exd5 9. exd5 Na6 10. a3 Nc7 11. Bc4 a6 12. a4 b6 13. h3 Rb8 14. a5 b5 15. Ba2
Bb7 16. f5 b4 17. Ne2 Bxd5 18. Bxd5 Ncxd5 19. fxg6 hxg6 20. Nf4 Nc7 21. Qe1 Re8
22. Qg3 Qd7 23. Qh4 Re7 24. Ng5 Rb5 25. Bd2 c4 26. Rae1 Rxe1 27. Rxe1 Qf5 28.
Ne2 Qxc2 29. Be3 Re5 30. Bd4 Rxg5 31. Qxg5 Ne6 32. Qc1 Qxc1 33. Rxc1 d5 34. Be5
Nc5 35. Rd1 Nd3 36. Bd4 Ne4 37. Bxg7 Kxg7 38. Nc1 Nxb2 39. Rxd5 b3 40. Rb5 axb5
0-1

[Event "Toronto Class U2200"]
[Site "Toronto CAN"]
[Date "2002.03.10"]
[Round "5"]
[White "Pleau, Derek"]
[Black "Noritsyn, Nikolay"]
[Result "1-0"]
[WhiteElo "1949"]
[BlackElo "2119"]
[PlyCount "119"]
[EventDate "2002.03.08"]
[EventType "swiss"]
[EventRounds "5"]
[EventCountry "CAN"]

1. e4 e5 2. Nf3 Nc6 3. Bb5 a6 4. Ba4 Nf6 5. O-O Nxe4 6. d4 b5 7. Bb3 d5 8. dxe5
Be6 9. c3 Bc5 10. Nbd2 O-O 11. Qe2 Nxd2 12. Bxd2 Ne7 13. Be3 Bxe3 14. Qxe3 c6
15. Qc5 Qd7 16. Rfe1 Rfc8 17. Rad1 Ng6 18. Nd4 Qc7 19. Nxe6 fxe6 20. Qd4 Rf8
21. g3 Qf7 22. Rd2 Ne7 23. Bc2 Qh5 24. Qc5 Qf7 25. f4 Rfc8 26. Rf2 g6 27. Kh1
Kh8 28. g4 Rf8 29. Ref1 Rac8 30. f5 gxf5 31. gxf5 Nxf5 32. Bxf5 exf5 33. Rxf5
Qxf5 34. Rxf5 Rxf5 35. e6 Rff8 36. Qe7 Rce8 37. Qd7 Rc8 38. Kg2 a5 39. e7 Rfe8
40. Qe6 Kg7 41. h4 h5 42. Kg3 Rb8 43. Kf4 Rb7 44. Qe5+ Kg8 45. Qg5+ Kf7 46.
Qxh5+ Kxe7 47. Qh7+ Kd6 48. Qxb7 Re4+ 49. Kg5 Re5+ 50. Kg6 Re6+ 51. Kg7 Re5 52.
Qb8+ Ke6 53. Qe8+ Kd6 54. Qf8+ Kd7 55. Qf7+ Re7 56. h5 c5 57. Qxe7+ Kxe7 58. h6
d4 59. cxd4 cxd4 60. h7 1-0

[Event "Toronto op"]
[Site "Toronto CAN"]
[Date "2002.03.29"]
[Round "1"]
[White "Bordas, Gyula"]
[Black "Bluvshtein, Mark"]
[Result "1-0"]
[WhiteElo "2157"]
[BlackElo "2382"]
[PlyCount "42"]
[EventDate "2002.03.29"]
[EventType "swiss"]
[EventRounds "6"]
[EventCountry "CAN"]

1. d4 e6 2. c4 d5 3. Nc3 c5 4. cxd5 exd5 5. Nf3 Nc6 6. g3 Nf6 7. Bg2 Be7 8. O-O
O-O 9. Bg5 c4 10. Ne5 Be6 11. h3 Qb6 12. e4 Nxe4 13. Bxe4 dxe4 14. Nxc6 Bxg5
15. Nxe4 Qxc6 16. Nxg5 Bd5 17. f4 Rae8 18. Nf3 Re3 19. Kg2 Rfe8 20. Rc1 Bxf3+
21. Rxf3 Re2+ 1-0

[Event "Toronto op"]
[Site "Toronto CAN"]
[Date "2002.03.29"]
[Round "1"]
[White "Day, Lawrence"]
[Black "Wang, Hao Yuan"]
[Result "0-1"]
[WhiteElo "2456"]
[BlackElo "2211"]
[PlyCount "62"]
[EventDate "2002.03.29"]
[EventType "swiss"]
[EventRounds "6"]
[EventCountry "CAN"]

1. e4 c5 2. a3 e6 3. b4 cxb4 4. axb4 Bxb4 5. Bb2 Nf6 6. e5 Nd5 7. Qg4 O-O 8.
Nf3 Be7 9. Na3 Nc6 10. Bc4 Nb6 11. Bb3 f6 12. O-O fxe5 13. Nxe5 Bf6 14. f4 d5
15. d4 Bd7 16. c3 Ne7 17. Bc2 Nf5 18. Qh3 Bxe5 19. dxe5 Rf7 20. g4 Qh4 21. Qf3
Nh6 22. h3 Raf8 23. Qe3 d4 24. cxd4 Nd5 25. Qd3 g6 26. f5 gxf5 27. g5 Rg7 28.
Bc1 f4 29. Kh2 Ng4+ 30. Kg1 Nge3 31. Bxe3 Rxg5+ 0-1

[Event "Toronto op"]
[Site "Toronto CAN"]
[Date "2002.03.29"]
[Round "1"]
[White "Findlay, Ian"]
[Black "Geaman, Horia"]
[Result "1-0"]
[WhiteElo "2368"]
[BlackElo "2088"]
[PlyCount "70"]
[EventDate "2002.03.29"]
[EventType "swiss"]
[EventRounds "6"]
[EventCountry "CAN"]

1. e4 d6 2. d4 Nf6 3. Nc3 g6 4. Nf3 Bg7 5. Be2 O-O 6. O-O Bg4 7. Be3 Nc6 8. d5
Nb8 9. h3 Bxf3 10. Bxf3 c5 11. e5 dxe5 12. Bxc5 Nbd7 13. Ba3 Rb8 14. d6 e6 15.
Nb5 Qb6 16. c4 Rfd8 17. Qe2 Ne8 18. b4 a6 19. Nc3 Qxd6 20. c5 Qc7 21. Rac1 Ndf6
22. Qc4 Nd6 23. Qb3 Nf5 24. Ne4 Nd4 25. Nxf6+ Bxf6 26. Qe3 Rd7 27. Bb2 Nxf3+
28. Qxf3 Bg7 29. c6 Rdd8 30. cxb7 Qe7 31. Bc3 e4 32. Qxe4 Bxc3 33. Rxc3 Qxb7
34. Qxb7 Rxb7 35. Rfc1 Rd2 1-0